000 00771nam a2200217Ii 4500
003 JO-AjNU
008 230605s9999||||xx |||||||||||||| ||und||
017 _a1970/3918
040 _aJO-AjNU
_bara
_erda
_cJO-AjNU
041 _aara
050 1 4 _aPJ7507.I922 1970
100 3 _aتاليف الأمين، عز الدين,
_eauthor
_97169
245 0 0 _aنشأة النقد الأدبي الحديث في مصر
250 _aط2
264 3 1 _aالقاهرة: دار المعارف بمصر، 1970
300 _a344ص
336 _atext
_btxt
_2rdacontent
337 _aunmediated
_bn
_2rdamedia
338 _avolume
_bnc
_2rdacarrier
650 4 _aنشأة النقد الأدبي الحديث-النقد الأدبي-النقد الأدبي الحديث في مصر
_97170
999 _aA142
_c3710
_d3710